| 000 | 00592nam a2200205 a 4500 | ||
|---|---|---|---|
| 001 | BRCA_6959 | ||
| 005 | 20190320205647.0 | ||
| 008 | 181111s1952----fr-a######---#000-0#fre-# | ||
| 041 | _afre | ||
| 044 | _afr | ||
| 050 | 4 |
_aNK479 _b.E62 1952 |
|
| 245 | 1 | 0 |
_aEncyclopedie par l´image _bhistoire du costume en France |
| 260 |
_a[París] _bHachette _c[1952] |
||
| 300 |
_a64 p. _bil. _c24 cm. |
||
| 500 | _aEstado físico: lomo deteriorado, las cubiertas y las páginas se están desprendiendo | ||
| 500 | _aO197 | ||
| 650 | 1 | 4 |
_aIndumentaria _zFrancia _917346 |
| 902 | _aGFM | ||
| 942 |
_2lcc _cB |
||
| 999 |
_c6641 _d6641 |
||